Gender, Violent conflict and development/ (Record no. 11876)

MARC details
000 -LEADER
fixed length control field 00693 a2200205 4500
010 ## - LIBRARY OF CONGRESS CONTROL NUMBER
LC control number ENG-90046
020 ## - INTERNATIONAL STANDARD BOOK NUMBER
International Standard Book Number 9788189013608
Terms of availability 595.00
035 ## - SYSTEM CONTROL NUMBER
System control number EN-73579
037 ## - SOURCE OF ACQUISITION
Source of stock number/acquisition DBAD / PUB
082 14 - DEWEY DECIMAL CLASSIFICATION NUMBER
Classification number 305.3
090 ## - LOCALLY ASSIGNED LC-TYPE CALL NUMBER (OCLC); LOCAL CALL NUMBER (OCLC)
-- 12230
-- 12230
245 1# - TITLE STATEMENT
Title Gender, Violent conflict and development/
Statement of responsibility, etc edited by Dubravka Zarkov
260 ## - PUBLICATION, DISTRIBUTION, ETC. (IMPRINT)
Place of publication, distribution, etc New Delhi
Name of publisher, distributor, etc Zubaan
Date of publication, distribution, etc 2008
270 ## - ADDRESS
Address K-92, 1st Floor, Hauz Khas Enclave,
City New Delhi
Postal code 110 016
300 ## - PHYSICAL DESCRIPTION
Extent xix, 309p.
Dimensions 23 cm (Hb)
500 ## - GENERAL NOTE
General note Includes bibliographical references
700 ## - ADDED ENTRY--PERSONAL NAME
Personal name Zarkov, Dubravka
942 ## - ADDED ENTRY ELEMENTS (KOHA)
Institution code [OBSOLETE] dpl
Koha item type English Books
Call number prefix 305.3 / GEN
Holdings
Withdrawn status Lost status Source of classification or shelving scheme Damaged status Not for loan Collection code Home library Current library Source of acquisition Cost, normal purchase price Total Checkouts Full call number Barcode Date last seen Copy number Uniform Resource Identifier Cost, replacement price Price effective from Koha item type
    Dewey Decimal Classification   Not For Loan Non-fiction D.B.Act.Division D.B.Act.Division DBAD/PUB 595.00   305.3 GEN EN-73579 15/09/2008 1 12991 595.00 15/09/2008 English Books

© Delhi Public Library
Hit Counter
free hit counter